Central Library OPAC University of Rajshahi

The Mujaddid's conception of tawhid / (Record no. 32693)

MARC details
000 -LEADER
fixed length control field 00925nam a22002897a 4500
001 - CONTROL NUMBER
control field 32693
003 - CONTROL NUMBER IDENTIFIER
rucl marc code BD-RjUL
005 - DATE AND TIME OF LATEST TRANSACTION
control field 20211209051900.0
008 - FIXED-LENGTH DATA ELEMENTS--GENERAL INFORMATION
fixed length control field 140428s1940 pk a 001 0 eng
035 ## - SYSTEM CONTROL NUMBER
System control number (BD-RjUL)32783
040 ## - CATALOGING SOURCE
Original cataloging agency DLC
Transcribing agency DLC
Language of cataloging eng
Modifying agency BD-RjUL
041 ## - LANGUAGE CODE
Language code of text/sound track or separate title eng
082 04 - DEWEY DECIMAL CLASSIFICATION NUMBER
Edition number 20
Classification number 297.211
Author mark and year FAM 1940
100 1# - MAIN ENTRY--PERSONAL NAME
Personal name Faruqi, Burhan Ahmad.
9 (RLIN) 99438
245 10 - TITLE STATEMENT
Title The Mujaddid's conception of tawhid /
Statement of responsibility, etc. by Burhan Ahmad Faruqi ; with a foreword by Syed Zafarul Hasan.
260 ## - PUBLICATION, DISTRIBUTION, ETC. (IMPRINT)
Place of publication, distribution, etc. Lahore (India) :
Name of publisher, distributor, etc. Sh. Muhammad Ashraf,
Date of publication, distribution, etc. 1940.
300 ## - PHYSICAL DESCRIPTION
Pagination xii, 192 p. ;
Size 20 cm.
500 ## - GENERAL NOTE
General note Includes index.
600 00 - SUBJECT ADDED ENTRY--PERSONAL NAME
Personal name Aḥmad Sirhindī,
Dates associated with a name 1563-1624.
650 #0 - SUBJECT ADDED ENTRY--TOPICAL TERM
Topical term or geographic name as entry element God (Islam)
9 (RLIN) 99440
Topical term or geographic name as entry element Sufism.
9 (RLIN) 99441
830 #0 - SERIES ADDED ENTRY--UNIFORM TITLE
Volume number/sequential designation item 07146.
Uniform title SAMP early 20th-century Indian books project ;
942 ## - ADDED ENTRY ELEMENTS (KOHA)
Source of classification or shelving scheme Dewey Decimal Classification
Koha item type Books
Holdings
Lost status Source of classification or shelving scheme Damaged status Not for loan Permanent Location Current Location Shelving location Date acquired Source of acquisition Cost, normal purchase price Total Checkouts Full call number Date last seen Copy number Koha item type
  Dewey Decimal Classification   Not For Loan Central Library, University of Rajshahi Central Library, University of Rajshahi Reading Room 18/01/1963 G. M. Hilloi 0.00   297.211 FAM 1940 28/04/2014 C-1 Books